| 000 | 00417nam a22001217a 4500 | ||
|---|---|---|---|
| 005 | 20260629144309.0 | ||
| 100 |
_aAbdul Samad Dahri _a21-MSM-01 _aSupervisor - Dr. Muhammad Afzal Soomro _91051 |
||
| 245 | _aSubstitution Box Generated by Point of Order Two on Elliptic Curve Over if28 | ||
| 260 |
_aNawabshah _bQUEST _c2025 |
||
| 300 | _a97p. | ||
| 700 |
_aDepartment of Mathematics and Statistics _91014 |
||
| 942 | _cTHESIS | ||
| 999 |
_c69104 _d69101 |
||